Introduction to environmental remote sensing (Record no. 104431)

MARC details
000 -LEADER
fixed length control field 01326cam a2200229 4500
001 - CONTROL NUMBER
control field ##L130293
008 - FIXED-LENGTH DATA ELEMENTS--GENERAL INFORMATION
fixed length control field 050712n1999 000 0 eng u
020 ## - INTERNATIONAL STANDARD BOOK NUMBER
International Standard Book Number 0748740066
035 ## - SYSTEM CONTROL NUMBER
System control number (Sirsi) u130293
041 0# - LANGUAGE CODE
Language code of text/sound track or separate title eng
050 04 - LIBRARY OF CONGRESS CALL NUMBER
Classification number 526.982 $2 18
100 1# - MAIN ENTRY--PERSONAL NAME
Personal name Barrett, E. C.
245 00 - TITLE STATEMENT
Title Introduction to environmental remote sensing
250 ## - EDITION STATEMENT
Edition statement 4th ed.
260 3# - PUBLICATION, DISTRIBUTION, ETC.
Place of publication, distribution, etc. Cheltenham
Name of publisher, distributor, etc. Stanley Thornes
Date of publication, distribution, etc. 1999
300 ## - PHYSICAL DESCRIPTION
Extent xxi, 457p.
Dimensions 25cm.
350 ## - PRICE (NR) (BK AM CF MU VM SE) [OBSOLETE]
Price 35
520 ## - SUMMARY, ETC.
Summary, etc. Takes a detailed but non-mathematical approach to the two broad areas of principles and applications of remote sensing. Also examines the physical principles on which remote sensing is based, equipment, techniques and data analysis before progressing to the application of remote sensing to both physical phenomena and events, to human activities and man-made landscapes. Uses examples of environmental remote sensing around the world and includes significant advances in the availability, uses and interpretation of microwave satellite data; the implications of the internet; scientific and commercial uses of remote sensing data; and continued evolution of satellite and sensor plans for the future.
690 ## - LOCAL SUBJECT ADDED ENTRY--TOPICAL TERM (OCLC, RLIN)
Topical term or geographic name as entry element ENVIRONMENTAL AND LAND CONSULTANCY-GEOMATICS-PHOTOGRAMMETRY AND REMOTE SENSING
700 1# - ADDED ENTRY--PERSONAL NAME
Personal name Curtis, Leonard C.
942 ## - ADDED ENTRY ELEMENTS (KOHA)
Suppress in OPAC 0
Holdings
Withdrawn status Lost status Source of classification or shelving scheme Damaged status Not for loan Home library Current library Shelving location Date acquired Cost, normal purchase price Total Checkouts Full call number Barcode Date last seen Date last checked out Copy number Cost, replacement price Price effective from Koha item type
    Dewey Decimal Classification     London London Books 06/12/2005 29.75 3 526.982 BAR 30063467 06/08/2019 23/01/2008 1 29.75 06/08/2019 Book